Bienvenue au Catalogue en Ligne des Bibliothèques de l'Universite du Burundi

Evaluation de l'effet de l'utilisation du kaolin et de la terre rouge comme insectifuge naturel sur le pouvoir germinatif (Record no. 53737)

000 -GUIDE
Champ de contrôle de longueur fixe 01213nam a22002417a 4500
003 - IDENTITÉ DU NUMÉRO DE CONTRÔLE
Champ de contrôle BI-BuBU
008 - ÉLÉMENTS DE LONGUEUR FIXE - RENSEIGNEMENTS GÉNÉRAUX
Champ de contrôle de longueur fixe 260409b2025 bd ||||fr|||| 000 0 fre d
037 ## - SOURCE D'ACQUISITION
Source d'acquisition et du numéro d'inventaire Don de l'auteur
039 ## - NIVEAU DE CONTRÔLE BIBLIOGRAPHIQUE ET HISTORIQUE D'ENCODAGE [OBSOLETE]
Date creation 20260409110352.0
Nom catalographe Godeberthe Nsengimana
040 ## - SOURCE DU CATALOGAGE
Organisme qui a effectué le catalogage original BI-BuBU
Code de la langue utilisée dans le catalogage fre
Organisme qui a effectué la transcription BI-BuBU
Organisme qui a effectué la modification BI-BuBU
041 #0 - CODE DE LANGUE
Code de langue du texte/de la piste sonore ou du titre distinct fre
080 ## - INDICE DE LA CLASSIFICATION DÉCIMALE UNIVERSELLE (CDU)
Indice de la Classification décimale universelle 635.652.
100 1# - VEDETTE PRINCIPALE - NOM DE PERSONNE
Code de relation aut.
Nom de personne Kwizera, Lionel
245 10 - MENTION DU TITRE
Titre Evaluation de l'effet de l'utilisation du kaolin et de la terre rouge comme insectifuge naturel sur le pouvoir germinatif
Reste du titre la qualité nutritionnelle et organoleptique des graines de haricot en conservation au Burundi
Mention de responsabilité, etc. Lionel Kwizera; Dr.Ir Déo Ndikumana, Directeur
260 ## - PUBLICATION, DIFFUSION, ETC. (ADRESSE BIBLIOGRAPHIQUE)
Lieu de publication, diffusion, etc. Bujumbura
Nom de l'éditeur, diffuseur, etc. Université du Burundi, East African nutritional sciences institute
Date of publication, distribution, etc 2025
300 ## - DESCRIPTION MATÉRIELLE
Collation XIII-66 f.
Dimensions 30 cm.
502 ## - NOTE DE THÈSE OU MÉMOIRE
Liaison Mémoire présenté et défendu en vue de obtention du diplôme de Master en sciences des Aliments et Nutrition. Spécialité : sécurité alimentaire et changement climatique
650 #7 - VEDETTE-MATIÈRE - NOM COMMUN
Source du terme BI-BuBU
Vedette de sujet ou vedette comportant un nom géographique Haricot.
Subdivision générale Graine
-- Germinatgion
-- Insectifuge
655 #7 - TERME D'INDEXATION - GENRE OU FORME
Source du terme BI-BuBU
Données ou terme dominant sur le genre ou la forme Mémoire
700 1# - VEDETTE SECONDAIRE - NOM DE PERSONNE
Code de relation dir.
Nom d'auteur Ndikmana, Déo
710 1# - VEDETTE SECONDAIRE - NOM DE COLLECTIVITÉ
Code de relation aut.
Nom de la collectivité ou nom de lieu comme élément de classement Université du Burundi
Collectivité subordonnée East African Nutritional sciences institutes
942 ## - ÉLÉMENTS D'ENTRÉE ADDITIONNELLE (KOHA)
Source de la classification ou du système de rangement
Type d item koha Memoire
Holdings
Statut de retrait Statut de perte Source de la classification ou du système de rangement Statut de déterioration Exclu du prêt Numéro d item Koha Localisation permanente Localisation actuelle Date d'acquisition Source d'acquisition Nombre de prêts Cote Code-barres Date last seen Numéro d'exemplaire Prix en vigueur à partir du Type d item koha Numero d'inventaire
        Not For Loan 85573 Bibliothèque Centrale Bibliothèque Centrale 09/04/2026 Don de l'auteur   R.635.652.KWI.2025 5010000328450 09/04/2026 1 09/04/2026 Memoire 242162
© 2019-2026 - Bibliothèques de l'Université du Burundi |Tous droits réservés
home | Pour toute information urgente Contactez nous | tel whatsupp: +25779204313